| 000 | 00347nam a2200145Ia 4500 | ||
|---|---|---|---|
| 005 | 20250402214251.0 | ||
| 008 | 240331s9999 xx 000 0 und d | ||
| 082 |
_bSIV _a894 |
||
| 100 | _aSivaprgasam, Y | ||
| 245 | 0 | _aUnarvin nilalkal | |
| 260 |
_aChennai _bKumaran Publishers _c1997 |
||
| 300 | _a144 p ., | ||
| 650 | _aShort Stories | ||
| 942 | _cL | ||
| 999 |
_c4135 _d4135 |
||